[Event "1st Cyprus Chess Tournament 2019"]
[Site "Larnaca"]
[Date "2019.10.25"]
[Round "1.1"]
[White "Sumets, Andrey"]
[Black "Yildirim, Kemal"]
[Result "1-0"]
[WhiteElo "2570"]
[BlackElo "1677"]
[Annotator "TA"]
[PlyCount "89"]
[EventDate "2019.10.25"]
[EventType "swiss"]
[EventCountry "CYP"]
[SourceTitle "playchess.com"]
[Source "ChessBase"]
[SourceQuality "1"]

{[%evp 24,89,37,24,49,0,38,1,16,7,12,12,8,4,10,4,6,0,0,0,0,0,0,0,0,0,0,0,0,0,43,37,75,75,75,76,76,77,78,78,73,78,77,75,71,70,82,82,154,158,226,213,795,769,795,465,767,795,666,656,29967,29967,29976,29977,29976,29973,29959,29948]} 1. e4 e6 2. d4 d5 3. Nd2 dxe4 4. Nxe4 Nd7 5. Bd3 Ngf6 6. Qe2 Be7 7. Nf3 O-O 8. Nxf6+ Nxf6 9. Bg5 c5 10. dxc5 Qa5+ 11. c3 Qxc5 12. O-O h6 13. Bh4 Qh5 {C10: French with 3 Nc3: Unusual Black 3rd moves and 3...dxe4} (13... Rd8 14. Rfe1 b6 15. Ba6 Nd5 16. Bxe7 Nxe7 17. Rad1 Bxa6 18. Qxa6 Nc6 19. Qe2 Rac8 20. h3 {½-½ (20) Leko,P (2713)-Bareev,E (2707) Monte Carlo 2002}) 14. Rad1 Rd8 15. Bg3 b6 {The position is equal.} 16. Qc2 $146 ({Predecessor:} 16. Ba6 Rxd1 17. Rxd1 Qa5 18. Bc4 Qh5 19. Qe1 Bb7 20. Ne5 Bc5 21. b4 {0-1 (29) Barski,R (2278)-Panchyshyn,T (2128) Lvov 2013}) 16... Bb7 17. Ne5 Rac8 18. Rfe1 {[#]} Be4 $1 {[%mdl 512]} 19. Bxe4 Rxd1 20. Qxd1 Qxd1 21. Rxd1 Nxe4 22. Rd7 Bf6 23. Nxf7 Rc5 $1 24. f3 Nxg3 25. hxg3 $11 {[%mdl 4096] Endgame KRB-KRN} Rb5 26. b3 Bxc3 27. Nd8 Rd5 28. Rxd5 exd5 $16 {KB-KN} 29. Nc6 a5 30. Ne7+ Kf7 31. Nxd5 {[%mdl 64] Double Attack} Bd4+ 32. Kf1 Ke6 33. Nf4+ Kd6 34. Ke2 Kc6 35. Kd3 Bf2 (35... Ba1 $142) 36. Ne6 Bxg3 (36... g6 $16) 37. Nxg7 $18 Kb5 $2 (37... Bd6 38. Nf5 Bf8) 38. Nf5 $1 {[%csl LRg3,LRh6]} Bf4 39. g3 Bc7 (39... Bc1 $142 40. Kc2 Ba3 41. Nxh6 Bf8) 40. f4 h5 41. Nd4+ Kb4 {[#]} 42. a3+ $1 {[%mdl 576] Deflection, Decoy. White mates.} Kxa3 43. Nb5+ Kxb3 44. Nxc7 a4 45. Nb5 {Accuracy: White = 81%, Black = 45%.} 1-0

[Event "1st Cyprus Chess Tournament 2019"]
[Site "Larnaca"]
[Date "2019.10.25"]
[Round "1.2"]
[White "Mashchenko, Tamila"]
[Black "Gleizerov, Evgeny"]
[Result "0-1"]
[WhiteElo "1653"]
[BlackElo "2512"]
[Annotator "TA"]
[PlyCount "82"]
[EventDate "2019.10.25"]
[EventType "swiss"]
[EventCountry "CYP"]
[SourceTitle "playchess.com"]
[Source "ChessBase"]
[SourceQuality "1"]

{[%evp 14,82,22,0,0,-25,8,-9,-14,-14,7,-2,8,-20,-3,-14,29,11,18,14,14,5,6,0,0,0,41,0,0,0,7,-17,23,0,0,-19,-18,-16,-10,-14,-5,-10,-14,-91,0,0,0,0,0,0,0,0,0,0,0,0,0,-16,0,-8,-8,-13,-16,-316,-320,-285,-325,-264,-264,-331,-310]} 1. c4 e5 2. Nc3 Nc6 3. g3 g6 4. Bg2 Bg7 5. e4 d6 6. Nge2 Nh6 7. d3 O-O 8. O-O f5 {A26: English Opening vs King's Indian with ...Nc6 and d3} 9. f4 (9. Nd5 Nf7 10. Re1 fxe4 11. dxe4 Nd4 12. Nxd4 exd4 13. b3 g5 14. Qh5 c6 15. e5 dxe5 16. Be4 {1-0 (32) Popov,V (2528)-Alekseenko,K (2625) Sochi 2018}) 9... Be6 10. h3 Qd7 {The position is equal.} 11. Kh2 Kh8 12. Be3 Nd4 $146 ({Predecessor:} 12... fxe4 13. Nxe4 Nf5 14. Bf2 Rae8 15. Qd2 b6 16. Rae1 d5 17. cxd5 Bxd5 18. b3 exf4 19. Nxf4 Bg8 20. g4 Nfd4 21. Bg3 a5 {½-½ (31) Velikov,P (2441)-Panbukchian,V (2300) Sunny Beach 2007}) 13. Qd2 Nxe2 14. Qxe2 c6 15. Rad1 exf4 16. Bxf4 Nf7 17. d4 {Strongly threatening d5.} fxe4 18. Nxe4 Rae8 {Hoping for ...Bf5.} 19. g4 Qd8 20. b3 d5 21. Nc5 {[%mdl 64] Double Attack} Bc8 22. Qc2 dxc4 23. Qxc4 Nd6 24. Qc2 Nb5 {aiming for ...Rxf4!} 25. Be5 Rxf1 26. Bxf1 Bxe5+ 27. dxe5 Qg5 28. Re1 {[#]} (28. Nd3 $11 {keeps the balance.}) 28... Bxg4 ({Inferior is} 28... Rxe5 29. Qf2 $16) (28... Qf4+ $1 $17 29. Kh1 Rxe5) 29. Qf2 $11 Bc8 30. Bxb5 cxb5 31. e6 Qe7 32. Nd7 {[%mdl 64] Decoy} Bxd7 33. Qd4+ {[%mdl 64] Double Attack} Kg8 34. Qxd7 {[%mdl 4096] Endgame KQR-KQR} a6 35. Re4 h5 36. Re3 Kg7 37. Rd3 Kh6 $36 {[%mdl 2048] Black is pushing.} 38. Rd6 $2 {[%mdl 8192] [#]} (38. Re3 $1 $11 {and White has nothing to worry.}) 38... Qf8 $1 $19 {[%cal Rf8f4] Black has a decisive advantage.} 39. Rd2 Qf4+ 40. Kh1 Qe4+ 41. Kh2 Rxe6 {Accuracy: White = 30%, Black = 54%.} 0-1

[Event "1st Cyprus Chess Tournament 2019"]
[Site "Larnaca"]
[Date "2019.10.25"]
[Round "1.3"]
[White "Kotronias, Vasilios"]
[Black "Yeshchenko, Uliana"]
[Result "1-0"]
[WhiteElo "2486"]
[BlackElo "1650"]
[Annotator "TA"]
[PlyCount "97"]
[EventDate "2019.10.25"]
[EventType "swiss"]
[EventCountry "CYP"]
[SourceTitle "playchess.com"]
[Source "ChessBase"]
[SourceQuality "1"]

{[%evp 11,97,58,45,20,51,63,116,84,81,77,147,81,79,71,83,81,110,128,113,122,128,123,126,118,123,124,123,122,122,96,121,125,124,128,166,94,104,96,91,60,82,69,84,68,108,106,118,120,102,111,139,64,68,54,98,108,107,108,127,122,143,154,156,158,192,191,213,197,237,137,235,235,227,221,260,198,433,431,527,523,518,478,497,485,2042,1937,12843,12842]} 1. e4 d5 2. exd5 Qxd5 3. Nc3 Qd6 4. d4 Nf6 5. Nf3 a6 6. g3 Bg4 7. Bg2 {B01: Scandinavian Defence} e6 (7... c6 8. O-O e6 9. Bf4 Qd8 10. h3 Bxf3 11. Qxf3 Bd6 12. Be5 Be7 13. g4 Nbd7 14. Bg3 O-O {½-½ (65) Pourramezanali,A (2529)-Tiviakov,S (2610) Bandar e Anzali 2019}) 8. h3 Bh5 (8... Bxf3 $14 9. Qxf3 (9. Bxf3 Nc6 $14) 9... c6) 9. g4 $16 {White is better.} Bg6 10. Ne5 Nd5 (10... Nc6 $142) 11. Nxg6 $146 (11. h4 $142 {Threatens to win with h5.} f6 12. Nxg6 hxg6 13. Qd3) ({Predecessor:} 11. Nxd5 exd5 12. O-O Nc6 13. Bf4 O-O-O {½-½ (13) Franke,T (2028)-Schracke,G (2079) Germany 2012}) 11... hxg6 12. Ne4 Qb6 13. O-O c6 14. c4 {Black must now prevent Bg5.} Nf6 15. Nc3 Be7 16. g5 Nh5 17. d5 $36 {[%mdl 2048] Keeping Black busy.} exd5 18. cxd5 Qc7 19. dxc6 bxc6 20. Qf3 O-O 21. Be3 Qe5 22. Qe4 Nd7 23. Rad1 ({Better is} 23. Qxc6 $18 Rfd8 24. Rad1) 23... Qxe4 24. Bxe4 Ne5 25. b3 f5 26. gxf6 Nxf6 27. Bg2 Rac8 28. Bd4 Ned7 29. Rfe1 Bb4 30. Re6 c5 {[#]} 31. Bxf6 (31. Nd5 $1 $16) 31... Nxf6 $14 32. Nd5 {Hoping for a3.} Kh7 33. Rxa6 Nxd5 34. Bxd5 Rce8 35. Re6 Rxe6 36. Bxe6 $16 {[%mdl 4096] Endgame KRB-KRB} Ra8 37. a4 Bc3 38. Rd7 Re8 39. Bc4 Re5 40. Rd5 (40. Rd8 $18) 40... Re1+ (40... Rxd5 $16 41. Bxd5 g5) 41. Kg2 $18 Bb4 42. Rd6 Bc3 43. Bd3 Bf6 $2 {[#]} (43... Kg8 {is a better defense.} 44. Rxg6 (44. Bxg6 Kf8 $18) 44... Kf7) 44. a5 {[%cal Ba4a5,Ba5a6,Ba6a7][%mdl 32] White is clearly winning.} Ra1 45. a6 Ra2 46. Kf3 Kh6 47. Ke4 Rxf2 (47... c4 $142 48. Bxc4 Be7) 48. a7 Ra2 49. Ra6 {Accuracy: White = 69%, Black = 29%.} 1-0

[Event "1st Cyprus Chess Tournament 2019"]
[Site "Larnaca"]
[Date "2019.10.25"]
[Round "1.4"]
[White "Deva, Atilla"]
[Black "Tilicheev, Viacheslav"]
[Result "0-1"]
[WhiteElo "1607"]
[BlackElo "2478"]
[Annotator "RC"]
[PlyCount "96"]
[EventDate "2019.10.25"]
[EventType "swiss"]
[EventCountry "CYP"]
[SourceTitle "playchess.com"]
[Source "ChessBase"]
[SourceQuality "1"]
[TimeControl "5400+30"]

1. d4 {[%emt 0:00:00]} g6 {[%emt 0:00:00]} 2. Bf4 {[%emt 0:00:00]} Bg7 {[%emt 0:00:00]} 3. Nc3 {[%emt 0:00:00]} d5 {[%emt 0:01:23]} 4. e3 {[%emt 0:00:00]} a6 {[%emt 0:00:22]} 5. h4 {[%emt 0:01:03]} Nf6 {[%emt 0:00:13]} 6. Be2 {[%emt 0:01:32]} h6 {[%emt 0:00:13]} 7. Nf3 {[%emt 0:00:26]} b6 {[%emt 0:04:44]} 8. Ne5 {[%emt 0:00:21]} Bb7 {[%emt 0:00:37]} 9. g4 {[%emt 0:03:52]} Nbd7 {[%emt 0:00:15]} 10. Bf3 {[%emt 0:09:29]} c5 {[%emt 0:01:25]} 11. g5 {[%emt 0:04:50]} hxg5 {[%emt 0:01:42]} 12. hxg5 {[%emt 0:00:15]} Rxh1+ {[%emt 0:00:07]} 13. Bxh1 {[%emt 0:00:05]} Ne4 {[%emt 0:00:14]} 14. Nxe4 {[%emt 0:04:09]} dxe4 {[%emt 0:00:30]} 15. Qg4 {[%emt 0:01:45]} cxd4 {[%emt 0:02:01]} 16. Nxd7 {[%emt 0:14:55]} Qxd7 {[%emt 0:00:08]} 17. Qxd7+ {[%emt 0:00:09]} Kxd7 {[%emt 0:00:04]} 18. exd4 {[%emt 0:00:03]} Rh8 {[%emt 0:01:57]} 19. Bg2 {[%emt 0:02:14]} e5 {[%emt 0:00:05]} 20. dxe5 {[%emt 0:01:01]} Ke6 {[%emt 0:00:29]} 21. O-O-O {[%emt 0:01:17]} Bxe5 {[%emt 0:00:26]} 22. Be3 {[%emt 0:00:29]} b5 {[%emt 0:03:55]} 23. Rh1 {[%emt 0:03:13]} Rxh1+ {[%emt 0:00:19]} 24. Bxh1 {[%emt 0:00:02]} Kf5 {[%emt 0:00:15]} 25. c3 {[%emt 0:00:01]} Bf4 {[%emt 0:00:17]} 26. Kd2 {[%emt 0:00:01]} Bxg5 {[%emt 0:00:18]} 27. Bg2 {[%emt 0:02:53]} Bxe3+ {[%emt 0:00:56]} 28. Kxe3 {[%emt 0:03:38]} Ke5 {[%emt 0:00:08]} 29. Bf1 {[%emt 0:03:12]} Bd5 {[%emt 0:00:32]} 30. a4 {[%emt 0:05:56]} Bc4 {[%emt 0:00:17]} 31. Bh3 {[%emt 0:00:14]} bxa4 {[%emt 0:00:31]} 32. Bd7 {[%emt 0:00:38]} Bb5 {[%emt 0:00:05]} 33. Bc8 {[%emt 0:00:13]} f5 {[%emt 0:00:06]} 34. Bb7 {[%emt 0:00:47]} g5 {[%emt 0:00:32]} 35. Bc8 {[%emt 0:00:26]} g4 {[%emt 0:00:19]} 36. Kd2 {[%emt 0:05:41]} a5 {[%emt 0:00:34]} 37. Ke1 {[%emt 0:02:12]} Kf4 {[%emt 0:00:53]} 38. Be6 {[%emt 0:00:20]} e3 {[%emt 0:09:14]} 39. fxe3+ {[%emt 0:01:28]} Kxe3 {[%emt 0:00:14]} 40. Bxf5 {[%emt 0:00:03]} g3 {[%emt 0:00:04]} 41. Bh3 {[%emt 0:00:41]} Be2 {[%emt 0:00:29]} 42. Bg2 {[%emt 0:02:06]} Bf3 {[%emt 0:00:08]} 43. Kf1 {[%emt 0:02:46]} Bxg2+ {[%emt 0:00:07]} 44. Kxg2 {[%emt 0:00:04]} Kd3 {[%emt 0:00:03]} 45. Kxg3 {[%emt 0:00:02]} a3 {[%emt 0:00:22]} 46. bxa3 {[%emt 0:00:01]} Kxc3 {[%emt 0:00:04]} 47. Kf3 {[%emt 0:00:12]} Kb3 {[%emt 0:00:05]} 48. Ke2 {[%emt 0:00:34]} Kxa3 {[%emt 0:00:05]} 0-1

[Event "1st Cyprus Chess Tournament 2019"]
[Site "Larnaca"]
[Date "2019.10.25"]
[Round "1.5"]
[White "Kazakouski, Valery"]
[Black "Rousis, Chrysostomos"]
[Result "1-0"]
[WhiteElo "2474"]
[BlackElo "1587"]
[Annotator "TA"]
[PlyCount "63"]
[EventDate "2019.10.25"]
[EventType "swiss"]
[EventCountry "CYP"]
[SourceTitle "playchess.com"]
[Source "ChessBase"]
[SourceQuality "1"]

{[%evp 17,63,31,22,30,28,25,30,0,28,34,31,29,50,33,31,19,42,29,46,43,52,45,122,116,233,227,228,209,254,217,284,277,322,311,317,297,356,335,341,286,405,393,507,431,579,579,983,943]} 1. Nf3 Nf6 2. c4 e6 3. g3 d5 4. b3 Be7 5. Bg2 Nbd7 6. O-O O-O 7. Bb2 b6 8. cxd5 exd5 9. Nd4 Bb7 10. Nf5 {A14: English Opening: 1...e6 with b3 by White} Re8 11. Nxe7+ Qxe7 12. Nc3 {White has an edge.} c5 (12... Nf8 13. d4 Ne4 14. e3 Nxc3 15. Bxc3 Nd7 16. Rc1 Nf6 17. Re1 Qd7 {½-½ (32) Zeller,F (2379)-Burmakin,V (2526) Schwaebisch Gmuend 2018}) 13. d4 Rad8 14. e3 h6 $146 ({Predecessor:} 14... Ne4 15. Nxe4 dxe4 16. Qg4 cxd4 17. Bxd4 Ne5 {½-½ (45) Sotnikov,A (2301)-Kondrin,A (2288) Cheliabinsk 2009}) 15. Rc1 Ne4 16. Qd3 Ndf6 17. Rfe1 Qd7 18. f3 Nxc3 19. Bxc3 Re7 (19... Rc8 $14) 20. dxc5 $16 d4 (20... bxc5 $16 {might work better.} 21. Bxf6 {[%mdl 64] Discovered Attack} gxf6) 21. Bxd4 $18 bxc5 22. Rxc5 Qd6 23. Rcc1 Ba6 24. Qf5 Qd5 25. Qxd5 Nxd5 26. a3 Rb8 27. b4 Nb6 28. Bf1 Bb7 (28... Bxf1 {keeps fighting.} 29. Rxf1 Rbb7) 29. Kf2 Ree8 30. Rc7 {White is clearly winning.} Rec8 31. Rec1 Ba8 32. Bxb6 {Accuracy: White = 70%, Black = 25%.} 1-0

[Event "1st Cyprus Chess Tournament 2019"]
[Site "Larnaca"]
[Date "2019.10.25"]
[Round "1.6"]
[White "Uliniuc, Ionut"]
[Black "Mirzoev, Azer"]
[Result "0-1"]
[WhiteElo "1570"]
[BlackElo "2472"]
[Annotator "TA"]
[PlyCount "68"]
[EventDate "2019.10.25"]
[EventType "swiss"]
[EventCountry "CYP"]
[SourceTitle "playchess.com"]
[Source "ChessBase"]
[SourceQuality "1"]

{[%evp 10,67,97,29,39,-1,16,-24,0,-34,-25,-46,-45,-53,-49,-88,-68,-65,-67,-75,-63,-63,-64,-108,-116,-116,-91,-180,-178,-150,-66,-196,-198,-190,-193,-193,-204,-193,-202,-184,-169,-363,-305,-445,-461,-427,-386,-682,-661,-1914,-1790,-2690,-2340,-2632,-2462,-29997,-29998,-29998,-29999,-29999]} 1. d4 Nf6 2. c4 e6 3. Nc3 c5 4. d5 exd5 5. cxd5 d6 6. Bg5 ({White should play} 6. e4 $16) 6... Nbd7 {A60: Modern Benoni: Early Divergences} (6... Be7 7. Nf3 O-O 8. Qd2 Re8 9. g3 Na6 10. Bg2 Nc7 11. O-O b5 12. a3 h6 13. Bf4 Bb7 14. Nh4 {0-1 (29) Dlugy,M (2531)-Kramnik,V (2751) ICC INT 1999}) 7. e3 a6 8. Bd3 $146 ({Predecessor:} 8. a4 Qa5 9. Qd2 b5 10. Bd3 c4 11. Bc2 Bb7 12. e4 Rc8 13. Nf3 b4 14. Na2 c3 15. bxc3 bxc3 16. Qd4 Qc7 17. Rb1 Be7 18. Rb3 O-O 19. O-O Nc5 20. Rxc3 h6 21. Bd2 {1-0 (21) Neumann,H (1924)-Del Val,M (1854) Zuerich 2015}) 8... h6 {Black has an edge.} 9. Bh4 Be7 10. Bg3 b5 11. e4 O-O 12. Qd2 Re8 13. Nge2 $1 Nh5 14. O-O Nxg3 15. Nxg3 Bf6 16. Nf5 Ne5 17. Be2 Rb8 18. f4 (18. Ng3 $17 {is a better defense.}) 18... Nc4 $19 19. Bxc4 {[#] Hoping for Bd3.} bxc4 (19... Bxf5 $1 $17 20. Bxb5 axb5 21. exf5 b4) 20. Rae1 (20. Ng3 $15) 20... Bxf5 $1 21. exf5 Bd4+ 22. Kh1 Rxe1 23. Rxe1 Qh4 24. h3 Kh7 {...Rxb2! is the strong threat.} 25. Nd1 $2 {[#]} (25. Rf1 {was necessary.}) 25... Bxb2 $1 {[%mdl 512]} 26. Re2 (26. Rf1 $142 Bd4 27. Qc2) (26. Nxb2 Rxb2) 26... Bd4 27. Kh2 Rb1 {White must now prevent ...c3!} 28. g4 $2 (28. g3 Qh5 29. g4) 28... h5 29. g5 {[#]} c3 $1 {[%mdl 512]} 30. g6+ (30. Nxc3 Rh1+) 30... fxg6 31. fxg6+ Kh6 32. Nxc3 {[#]} Rh1+ $1 {[%mdl 576] Deflection, Decoy, Back Rank. Black mates.} 33. Kxh1 Qxh3+ {[%mdl 64] Double Attack} 34. Rh2 Qf1# {Accuracy: White = 27%, Black = 63%.} 0-1

[Event "1st Cyprus Chess Tournament 2019"]
[Site "Larnaca"]
[Date "2019.10.25"]
[Round "1.7"]
[White "Ulybin, Mikhail"]
[Black "Karathymios, Konstantinos"]
[Result "1-0"]
[WhiteElo "2455"]
[BlackElo "1502"]
[Annotator "TA"]
[PlyCount "47"]
[EventDate "2019.10.25"]
[EventType "swiss"]
[EventCountry "CYP"]
[SourceTitle "playchess.com"]
[Source "ChessBase"]
[SourceQuality "1"]

{[%evp 11,47,33,41,37,74,64,55,11,47,15,15,19,38,36,38,41,45,54,51,68,67,17,17,22,80,93,250,258,287,261,375,375,29994,29995,29996,847,29997,29998]} 1. e4 c6 2. d4 d5 3. Nd2 {[%cal Bb1d2,Bd2e4,Be4g5,Bg5e6][%mdl 32]} dxe4 4. Nxe4 Nd7 5. Ng5 Ngf6 6. Bd3 h6 7. Ne6 {B17: Caro-Kann: Modern Line (4...Nd7)} Qa5+ (7... Qb6 8. Ne2 fxe6 9. Bg6+ Kd8 10. Nf4 Nb8 11. O-O Bd7 12. c4 Kc8 13. Qe2 Na6 14. Bf7 g5 {½-½ (32) Rozentalis,E (2593)-Velten,P (2469) Drancy 2016}) 8. Bd2 Qb6 9. Ne2 {White is slightly better.} c5 $146 (9... fxe6 {with more complications.} 10. Bg6+ Kd8 11. O-O Nb8 12. c4 Bd7) ({Predecessor:} 9... fxe6 10. Bg6+ Kd8 11. Nf4 Nb8 12. c4 Bd7 13. O-O {1-0 (61) McDonald,N (2403)-Stigar,P (2171) London 2018}) 10. Nxf8 (10. Nxc5 {is interesting.} Nxc5 11. dxc5 Qxc5 12. O-O e6 13. Ng3) 10... Nxf8 11. dxc5 Qxc5 12. O-O Ne6 13. Ng3 Bd7 14. Re1 O-O 15. Nf5 $36 {[%mdl 2048] White has the initiative.} Rfe8 16. Be3 Qc7 17. Qf3 Bc6 (17... Nc5 $11 {remains equal.}) 18. Qh3 $16 Ng5 $2 {[#]} (18... h5 $16 {was necessary.}) 19. Nxh6+ $1 $18 {[%mdl 512]} gxh6 20. Qxh6 Ne6 (20... Nge4 $142 21. f3 Qe5 22. fxe4 Ng4) 21. Bg5 {Threatens to win with Re3.} Qa5 $2 (21... Nf8 $18 22. Rxe7 Ng4 23. Qxf8+ (23. Rxc7 Nxh6 24. Bxh6 Ne6 $18) 23... Kxf8 24. Rxc7 Kg7) 22. Bxf6 exf6 23. Bh7+ Kh8 24. Bg6+ {[%mdl 64] Discovered Attack. Accuracy: White = 71%, Black = 45%.} 1-0

[Event "1st Cyprus Chess Tournament 2019"]
[Site "Larnaca"]
[Date "2019.10.25"]
[Round "1.8"]
[White "Ioannides, Andreas"]
[Black "Arkell, Keith C"]
[Result "0-1"]
[WhiteElo "1496"]
[BlackElo "2447"]
[Annotator "TA"]
[PlyCount "60"]
[EventDate "2019.10.25"]
[EventType "swiss"]
[EventCountry "CYP"]
[SourceTitle "playchess.com"]
[Source "ChessBase"]
[SourceQuality "1"]

{[%evp 9,60,-55,-5,-9,-1,-18,28,-43,-43,-42,-18,-26,-18,-83,-52,-77,-63,-75,-57,-59,-66,-81,-49,-192,-192,-207,-204,-200,-191,-195,-195,-192,-189,-230,-230,-217,-222,-232,-191,-188,-195,-209,-221,-258,-252,-358,-365,-350,-356,-1291,-1244,-1334,-1314]} 1. b4 e5 2. Bb2 Bxb4 3. Bxe5 Nf6 4. Nf3 d5 (4... O-O 5. e3 d5 6. Be2 c5 7. O-O Nc6 8. Bb2 d4 9. c3 dxc3 10. Nxc3 Bf5 11. Na4 b6 12. a3 Ba5 13. d4 cxd4 14. Nxd4 Nxd4 15. Bxd4 Rc8 16. Rc1 {0-1 (51) Bischoff,K (2504)-Meier,G (2644) Apolda 2017}) 5. e3 Nbd7 {[%cal Bb8d7,Bd7c5,Bc5e4][%mdl 32]} 6. Bb2 {A00: Irregular Openings} O-O 7. Be2 Nc5 8. Ba3 $146 ({White should try} 8. c3 $11 Ba5 9. Ba3) ({Predecessor:} 8. O-O Bd7 9. Nc3 c6 10. d3 Qa5 11. Nb1 Na4 12. Bxf6 gxf6 13. Nbd2 Nc3 14. Qe1 {0-1 (60) Wilson,N (1578)-Kapitan,I (1519) ICCF email 2015}) 8... Bxa3 $15 9. Nxa3 Nce4 10. c4 Qe7 $36 {[%mdl 2048] White is under pressure.} 11. Nc2 (11. Qc1 $11) 11... c5 12. cxd5 Nxd5 13. O-O Rd8 14. Qc1 Bg4 15. Nce1 Rd6 16. Qc4 ({Better is} 16. h3 $15 Bh5 17. Bc4) 16... Nb6 $19 17. Qc2 {[#]} Nxd2 $1 {[%mdl 576] Pin} 18. Qxc5 (18. Nxd2 Bxe2) 18... Nxf1 19. Bxf1 Rc8 20. Qa3 Re6 21. Qb3 Bxf3 22. Nxf3 Rec6 23. Nd4 Rc3 24. Qd1 Qf6 25. Qg4 g6 26. Rd1 Rc1 27. Bd3 (27. g3 $142) 27... h5 28. Qe2 Nd5 {[#] Hoping for ...Nc3.} 29. Bc2 $2 (29. Qd2 Rxd1+ 30. Qxd1) 29... Nc3 30. Qd3 Nxd1 {Accuracy: White = 27%, Black = 74%.} 0-1

[Event "1st Cyprus Chess Tournament 2019"]
[Site "Larnaca"]
[Date "2019.10.25"]
[Round "1.9"]
[White "Kayumov, Dmitry D"]
[Black "Stratis, Orestis"]
[Result "1-0"]
[WhiteElo "2402"]
[BlackElo "1493"]
[Annotator "TA"]
[PlyCount "43"]
[EventDate "2019.10.25"]
[EventType "swiss"]
[EventCountry "CYP"]
[SourceTitle "playchess.com"]
[Source "ChessBase"]
[SourceQuality "1"]

{[%evp 10,49,-9,-15,-14,-11,-6,-23,-23,-35,-19,-38,0,-27,41,39,107,99,103,105,97,90,95,98,94,93,280,271,268,201,293,296,285,268,456,419,658,652,638,638,712,704]} 1. e4 e6 2. Nf3 d5 3. e5 c5 4. g3 Nc6 5. Bg2 Nge7 6. O-O Nf5 {C00: French: Unusual White 2nd moves} (6... Ng6 7. Re1 f6 8. exf6 Qxf6 9. c4 dxc4 10. Nc3 Be7 11. d3 cxd3 12. Bg5 Qf5 13. Ne4 O-O 14. Bxe7 {½-½ (14) Filipovic,B (2374)-Stojanovic,M (2534) Baden 2015}) 7. Re1 Be7 8. d3 O-O {Black has an edge.} 9. h4 h6 $146 ({Predecessor:} 9... f6 10. exf6 Bxf6 11. Ng5 Qd6 12. Bf4 e5 13. Bc1 h6 14. Nf3 {½-½ (26) Holemar,D (2272)-Skliba,M (2263) Czechia 2012}) 10. c3 Qb6 11. h5 Rd8 (11... Qd8 $11) 12. Nbd2 $14 a5 {[#]} (12... Bf8 $14) 13. g4 $1 $16 Nh4 14. Nxh4 Bxh4 15. Nf3 Be7 16. g5 hxg5 17. Nxg5 f6 $2 (17... Rf8 $16 {was necessary.}) 18. exf6 $18 Bxf6 19. Nxe6 {[#] Black must now prevent h6.} Bxe6 (19... Rd6 $142) 20. Rxe6 Qc7 21. h6 {Qh5 is the strong threat.} Ne5 $2 (21... Qf7) 22. Qh5 {Played: Bc1-f4} 1-0

[Event "1st Cyprus Chess Tournament 2019"]
[Site "Larnaca"]
[Date "2019.10.25"]
[Round "1.10"]
[White "Markides, Markellos"]
[Black "Ivanov, Mikhail M"]
[Result "0-1"]
[WhiteElo "1468"]
[BlackElo "2342"]
[Annotator "TA"]
[PlyCount "30"]
[EventDate "2019.10.25"]
[EventType "swiss"]
[EventCountry "CYP"]
[SourceTitle "playchess.com"]
[Source "ChessBase"]
[SourceQuality "1"]

{[%evp 9,30,0,0,0,10,10,14,16,27,8,30,31,34,-22,-34,-51,-30,-356,-52,-55,-48,-608,-594]} 1. Nf3 d5 2. d4 Bf5 3. Bf4 e6 4. e3 Bd6 5. Bg3 Bxg3 (5... Ne7 6. Nbd2 O-O 7. Nh4 c5 8. c3 Nbc6 9. Nxf5 Nxf5 10. Bd3 Nxg3 11. hxg3 h6 12. Nf3 cxd4 13. exd4 {½-½ (69) So,W (2815)-Carlsen,M (2832) chess.com INT 2017}) 6. hxg3 {D02: 1 d4 d5 2 Nf3 sidelines, including 2...Nf6 3 g3 and 2...Nf6 3 Bf4} h6 7. Bd3 Ne7 $146 ({Predecessor:} 7... c6 8. Bxf5 exf5 9. c3 Nd7 10. Qc2 g6 11. Nbd2 Ngf6 12. c4 Qe7 13. Rc1 {1-0 (30) Ganglberger,R (2043)-Aschenbrenner,R (2197) Austria 2016}) 8. c4 {The position is equal.} c6 9. Nc3 Qb6 10. Bxf5 {Strongly threatening Bc2.} Qxb2 11. Na4 (11. Nxd5 $14 exd5 12. Bg4) 11... Qb4+ $11 {[%mdl 64] [#] Double Attack} 12. Kf1 {Hoping for Bc2.} Nxf5 13. c5 $2 {[%mdl 8192]} (13. Ne5 $11) 13... Nd7 $2 ({Black should try} 13... b5 $19 {Threatens to win with ...Nd7.} 14. Rb1 Qxa4 15. Qxa4 bxa4) 14. Rb1 $15 Qa5 15. Rxb7 $2 {[%mdl 8192] [#]} (15. g4 $15 Ne7 16. Qc2) 15... Qa6+ {[%mdl 64] Double Attack. Accuracy: White = 20%, Black = 20%.} 0-1